| 000 | 00991nam a22003012 4500 | ||
|---|---|---|---|
| 001 | 29575 | ||
| 003 | BD-RjUL | ||
| 005 | 20211209051429.0 | ||
| 008 | 140403s1989 ii a b 001 0 eng d | ||
| 020 | _a8122900119 (hbk) | ||
| 020 | _a8122900127 (pbk) | ||
| 035 |
_a(BD-RjUL)29660 _aOCLC ocm00294475 from D970528M |
||
| 040 |
_aDLC _cDLC _dUKM _dEQO _dBD-RjUL _beng |
||
| 041 | _aeng | ||
| 082 | 0 | 0 |
_a973 _bKRU 1989 |
| 100 | 1 |
_aKraus, Michael, _d1901-1990. _990131 |
|
| 245 | 1 | 4 |
_aThe United States to 1865 / _cMichael Kraus. |
| 250 | _anew ed. rev. & el. | ||
| 260 |
_aDelhi : _bSurjeet Publications, _c1989. |
||
| 300 |
_axiii,548, xi p. : _bill. ; _c22 cm. |
||
| 490 | 1 | _aThe University of Michigan history of the modern world | |
| 504 | _aIncludes bibliographical references and index. | ||
| 651 | 0 |
_aUnited States _xHistory. _990132 |
|
| 830 | 0 |
_aUniversity of Michigan history of the modern world. _978414 |
|
| 942 |
_2ddc _cBK |
||
| 999 |
_c29575 _d29575 |
||